| 000 | 00707nam a22002057a 4500 | ||
|---|---|---|---|
| 999 |
_c20755 _d20755 |
||
| 003 | AR-CdUCM | ||
| 008 | 190605b ||||| |||| 00| 0 spa d | ||
| 040 |
_aMUNICIPALIDAD PROVINCIAL DEL CUSCO _cBIBLIOTECA MUNICIPAL DEL CUSCO |
||
| 082 |
_a796.81 / _bO39 |
||
| 100 |
_aOkuma, Akiro _943342 |
||
| 245 |
_aKarate : _bDefensa personal / |
||
| 260 |
_aLima : _c1989. |
||
| 300 |
_a91 páginas; _bFiguras, _c16 cm. |
||
| 500 | _aAño de publicación dudoso extraído de la biblioteca nacional, no cuenta con editorial | ||
| 505 | _aContenido: Recomendaciones especiales -- La respiración -- El Equipo... | ||
| 650 |
_aKarate _943343 |
||
| 650 |
_aArte _9561 |
||
| 942 |
_2ddc _cLIBROS |
||
| 945 | _aJavier | ||